MARC details
| 000 -LEADER |
| fixed length control field |
00979cam a22002894a 4500 |
| 001 - CONTROL NUMBER |
| control field |
12433782 |
| 005 - DATE AND TIME OF LATEST TRANSACTION |
| control field |
20231130062341.0 |
| 008 - FIXED-LENGTH DATA ELEMENTS--GENERAL INFORMATION |
| fixed length control field |
010607s2001 ii a b 001 0 eng |
| 020 ## - INTERNATIONAL STANDARD BOOK NUMBER |
| ISBN |
0761995331 |
| 020 ## - INTERNATIONAL STANDARD BOOK NUMBER |
| ISBN |
0761995862 (pbk.) |
| 040 ## - CATALOGING SOURCE (பட்டியலாக்க மூலம்) |
| Original cataloging agency |
DLC |
| Transcribing agency |
DLC |
| Modifying agency |
DLC |
| 082 00 - DDC Classification |
| Class No. |
305.42/0954 |
| DDC Edition Number |
21 |
| 245 00 - TITLE STATEMENT |
| Title |
Building women's capacities : |
| Remainder of title |
interventions in gender transformation / |
| Statement of responsibility, etc. |
edited by Ranjani K. Murthy. |
| 260 ## - PUBLICATION, DISTRIBUTION, ETC. |
| Place of publication, distribution, etc. |
New Delhi ; |
| -- |
Thousand Oaks, Calif. : |
| Name of publisher, distributor, etc. |
Sage Publications, |
| Date of publication, distribution, etc. |
2001. |
| 300 ## - PHYSICAL DESCRIPTION |
| Extent (e.g. Volumes, Pages etc.) |
383 p. : |
| 650 #0 - SUBJECT ADDED ENTRY--TOPICAL TERM |
| Topical term or geographic name entry element |
Women in community development |
| 650 #0 - SUBJECT ADDED ENTRY--TOPICAL TERM |
| Topical term or geographic name entry element |
Women in economic development |
| 650 #0 - SUBJECT ADDED ENTRY--TOPICAL TERM |
| Topical term or geographic name entry element |
Sex role |
| 650 #0 - SUBJECT ADDED ENTRY--TOPICAL TERM |
| Topical term or geographic name entry element |
Community development personnel |
| 650 #0 - SUBJECT ADDED ENTRY--TOPICAL TERM |
| Topical term or geographic name entry element |
Globalization |
| 650 #0 - SUBJECT ADDED ENTRY--TOPICAL TERM |
| Topical term or geographic name entry element |
Women employees |
| 650 #0 - SUBJECT ADDED ENTRY--TOPICAL TERM |
| Topical term or geographic name entry element |
Women employees |
| 700 1# - ADDED ENTRY--PERSONAL NAME |
| Personal name |
Murthy, Ranjani K., |
| Relator term (Role) |
Editor |
| 856 42 - ELECTRONIC LOCATION AND ACCESS |
| Uniform Resource Identifier |
<a href="http://www.loc.gov/catdir/enhancements/fy0657/2001041632-d.html">http://www.loc.gov/catdir/enhancements/fy0657/2001041632-d.html</a> |
| 856 41 - ELECTRONIC LOCATION AND ACCESS |
| Uniform Resource Identifier |
<a href="http://www.loc.gov/catdir/enhancements/fy0657/2001041632-t.html">http://www.loc.gov/catdir/enhancements/fy0657/2001041632-t.html</a> |
| 942 ## - Koha item type (Biblio) |
| Koha item type |
Books in Stacks (Lending) |